Princíp nezávislého vzťahu – základná abeceda
Pokračovanie v téme detailného popisu konštitutívnych prvkov princípu nezávislého vzťahu (jeho základnej abecedy) s príkladmi. Analýza okruhov: použitie colného oceňovania, úspory a ďalšie atribúty súvisiace s lokálnym trhom, osobitosti spojené s pracovnou silou, skupinové synergie a ich vplyv na up...
Uložené v:
| Hlavný autor: | |
|---|---|
| Médium: | Kapitola |
| Jazyk: | Slovak |
| Predmet: | |
| Tagy: |
Žiadne tagy, Buďte prvý, kto otaguje tento záznam!
|
MARC
| LEADER | 00000naa a2200000 4500 | ||
|---|---|---|---|
| 001 | 0273203 | ||
| 005 | 20210426201309.2 | ||
| 041 | 0 | |a slo | |
| 044 | |a SK | ||
| 245 | 1 | 0 | |a Princíp nezávislého vzťahu – základná abeceda |c Michal Kočiš |
| 520 | |a Pokračovanie v téme detailného popisu konštitutívnych prvkov princípu nezávislého vzťahu (jeho základnej abecedy) s príkladmi. Analýza okruhov: použitie colného oceňovania, úspory a ďalšie atribúty súvisiace s lokálnym trhom, osobitosti spojené s pracovnou silou, skupinové synergie a ich vplyv na uplatňovanie princípu nezávislého vzťahu. Osobitný a detailný výklad pravidiel pre vykonanie funkčnej a rizikovej analýzy. | ||
| 610 | 2 | 0 | |a smernice |
| 610 | 2 | 0 | |a OECD |
| 610 | 2 | 0 | |a oceňovanie transferové |
| 610 | 2 | 0 | |a trh miestny |
| 610 | 2 | 0 | |a vzťahy obchodné |
| 610 | 2 | 0 | |a riadenie rizík |
| 610 | 2 | 0 | |a právo daňové |
| 610 | 2 | 0 | |a dane z príjmov |
| 100 | 1 | |a Kočiš, Michal | |